| 000 | 00474nam a2200169Ia 4500 | ||
|---|---|---|---|
| 008 | 230711s9999||||xx |||||||||||||| ||und|| | ||
| 020 | _a978-1-25-909743-0 | ||
| 041 | _aENG | ||
| 082 |
_a658.4 _bLU-O |
||
| 100 | _aLuthans,Fred | ||
| 245 | 0 | _aOrganizational behavior : An evidence based approach | |
| 250 | _a12th . Ed. | ||
| 260 |
_c2013 _aNew Delhi _bMcGraw Hill Education(India) Private Limited |
||
| 300 | _a574p. | ||
| 650 | _aUNIVESITY BUSNIESS SCHOOL | ||
| 942 | _cBK | ||
| 999 |
_c5925 _d5925 |
||